Top 10 najpopularniejszych imion żeńskich w roku 2023 - Statystyki

Ogólne statystyki
  • Ten quiz został rozwiązany 2 519 razy
  • Średni wynik to 6 z 10
Statystyki odpowiedzi
Lp. Imiona dziewczynek % Poprawnych
1. Zofia
74%
2. Zuzanna
73%
9. Julia
71%
6. Maja
70%
5. Oliwia
52%
3. Hanna
51%
10. Maria
46%
7. Alicja
43%
4. Laura
41%
8. Pola
32%
Nie znaleziono quizów pasujących do podanych kryteriów
Rozkład punktacji
Procent ludzi z każdym wynikiem
Percentyl według liczby udzielonych odpowiedzi
Twoja historia wyników
Nie rozwiązałeś tego quizu